Piel Adentro / (Record no. 23212)

000 -CABECERA
fixed length control field 00746nam a22002057i 4500
003 - IDENTIFICADOR DEL NÚMERO DE CONTROL
control field AR-CdUCM
008 - DATOS DE LONGITUD FIJA--INFORMACIÓN GENERAL
fixed length control field 250130b20182018 ec||||| |||| 00| 0 spa d
020 ## - NÚMERO INTERNACIONAL ESTÁNDAR DEL LIBRO
ISBN 978-9978-62-991-8
040 ## - FUENTE DE LA CATALOGACIÓN
Agencia/entidad que catalogó originalmente la obra MUNICIPALIDAD PROVINCIAL DEL CUSCO
Entidad que transcribió la catalogación BIBLIOTECA MUNICIPAL DEL CUSCO
082 ## - NÚMERO DE LA CLASIFICACIÓN DECIMAL DEWEY
No. de Clasificación 869.62 / C84
Notacion interna C84
100 ## - ENTRADA PRINCIPAL--NOMBRE DE PERSONA
Nombre Personal Costales Cazar, Luis
245 ## - MENCIÓN DE TÍTULO
Título Piel Adentro /
260 ## - PUBLICACIÓN, DISTRIBUCIÓN, ETC.
Lugar de publicación, distribución, etc. Quito-Ecuador
Nombre de la editorial, distribuidor, etc. Casa de la Cultura Ecuatoriana Benjamín Carrión
Fecha de publicación, distribución, etc. 2018
300 ## - DESCRIPCIÓN FÍSICA
Nº de Páginas Extensión 65 páginas. :
Dimensiones 19x10 cm.
505 ## - NOTA DE CONTENIDO CON FORMATO
Nota de contenido formateada Canto cósmico -- El hombre -- Canto a la patria -- Dos mundos -- Enero I -- Itinerario de un año -- Carta a Heidegger
856 ## - LOCALIZACIÓN Y ACCESO ELECTRÓNICOS
Dirección electrónica www.casadelacultura.gob.ec
942 ## - ELEMENTOS DE PUNTO DE ACCESO ADICIONAL (KOHA)
Fuente de clasificación
Tipo de item Libros-BMC
945 ## - PROCESAMIENTO DE INFORMACIÓN LOCAL (OCLC)
Catalogador pbjr
AAAA-MM-DD - Fecha de ingreso o modificacion 30-01-2025
Holdings
Estado de retiro (separado) Fuente de clasificación o esquema de estanterías Estado dañado Ubicación Sala donde se ubica Nombre de la colección Fecha de adquisición o compra Fuente de adquisición Costo, precio normal en soles Signatura topográfica Código de Barras Última vez visto (Koha) Tipo de ítem (Koha)
No     Sala Humanidades Sala Humanidades Book Cart 2025-01-30 Donación 10.00 869.62 / C84 SH0000016922 2025-01-30 Libros-BMC

Powered by Koha